000
00346nam a22000977a 4500
100
_a
यादव,राकेश
_9
79923
245
_a
SSC Mathematics 1999-2020 9700+ हिन्दी एवं अंग्रेजी माध्यम
260
_a
Delhi
_b
Rakesh yadav Publication
_c
2020
650
_a
गणित
_9
79924
942
_c
HIN
999
_c
63463
_d
63463